Kto ich trenuje? #1 Premier League 2019 - Statystyki

Ogólne statystyki
  • Ten quiz został rozwiązany 801 razy
  • Średni wynik to 8 z 20
Statystyki odpowiedzi
Hint Odpowiedź % Poprawnych
Manchester City Pep Guardiola
99%
Liverpool Jurgen Klopp
96%
Tottenham Hotspur Mauricio Pochettino
83%
Arsenal Unai Emery
80%
Chelsea Maurizio Sarri
78%
Manchester United Ole Gunnar Solskjaer
70%
Leicester City Brendan Rodgers
46%
Newcastle United Rafael Benitez
43%
Wolverhampton Nuno Espirito Santo
37%
Bournemouth Eddie Howe
35%
Burnley Sean Dyche
34%
West Ham Manuel Pellegrini
33%
Everton Marco Silva
30%
Crystal Palace Roy Hodgson
25%
Southampton Ralph Hasenhuttl
18%
Fulham Scott Parker
12%
Watford Javi Gracia
11%
Cardiff Neil Warnock
11%
Birghton Chris Hughton
6%
Huddersfield Jan Siewert
3%
Nie znaleziono quizów pasujących do podanych kryteriów
Rozkład punktacji
Procent ludzi z każdym wynikiem
Percentyl według liczby udzielonych odpowiedzi
Twoja historia wyników
Nie rozwiązałeś tego quizu